01509nam a2200265 a 450000500170000000800410001702000180005804000230007604100080009904400070010708200150011411100720012924501370020126000740033830000510041250504170046365000460088065000680092665000350099465000710102970000350110070000300113570000460116570000320121120150904102421.0141203b2006 ck ||||| |||| 00| 0 spa d a9789589769089 cCO-BoIHaCO-BoIAVH0 aspa ack04a591bC65p12 aCongreso Colombiano de ZoologíacSanta Martadnoviembre, 2006nII10aSegundo congreso colombiano de zoología: Conocer, conservar y utilizar sosteniblemente la fauna de Colombia :blibro de resumenes aSanta Marta, bEditorial Panamericana Formas e Impresos S.A., c2006. a572 páginasc28 cm.bilustraciones y tablas.0 aSimposio - Aracnología. Simposio - Conservación de las colecciones zoológicas. I Simposio colombiano de informática de la biodiversidad. Simposio - Acciones de investigación y conservación de los anfibios de Colombia. Simposio - Conservación de biodiversidad en paisajes rurales: aprendizajes en la cuenca media del río Barbas (Filandia, Quíndio) I Simposio colombiano de lepidopterología...  6aZoologíavCongresos, conferencias, etc. 6aDiversidad biológicavCongresos, conferencias, etc.zColombia 6aZoologíaxhistoriazColombia 6aFauna silvestrevCongresos, conferencias, etc.xcomerciozColombia1 aAndrade C., M. Gonzaloeeditor1 aAguirre C., Jaimeeeditor1 aRodríguez Mahecha, Jose Vicenteeeditor1 aRocha Campo, Marthaeeditor